Theodor Schiemann als politischer Publizist
| Titel: | Theodor Schiemann als politischer Publizist / von Klaus Meyer |
|---|---|
| Verfasser: | |
| Veröffentlicht: | Frankfurt am Main [u.a.] : Rütten & Loening, 1956 |
| Umfang: | 320 S. |
| Format: | Buch |
| Sprache: | Deutsch |
| Schriftenreihe/ mehrbändiges Werk: |
Nord- und osteuropäische Geschichtsstudien ; 1 |
| RVK-Notation: |
·
|
| Hinweise zum Inhalt: |
Inhaltsverzeichnis
|
X
| Lokale Klassifikation: | 2 S 27 |
|---|
alg: 9379221
001A $00077:28-09-00
001B $00026:13-08-25 $t10:53:47.000
001D $03004:20-08-04
001U $0utf8
001X $00
002@ $0Aau
003@ $0093792212
003O $002849244 $aOCoLC
007A $0093792212 $aHEB
007T $0Herdhh093792212
009P $qapplication/pdf $A2 $3Inhaltsverzeichnis $uhttp://scans.hebis.de/HEBCGI/show.pl?09379221_toc.pdf $mV:DE-576;B:DE-352
010@ $ager
011@ $a1956 $n1956
021A $aTheodor Schiemann als politischer Publizist $hvon Klaus Meyer
028A $#Meyer, Klaus $#Meyer, Klaus E. $D20220215 $Ecgwrk $7119209527 $8Meyer, Klaus$Z1928-2007 [Tp1] $9087549506
033A $pFrankfurt am Main {[u.a.] $nRütten & Loening
034D $a320 S.
036E $a@Nord- und osteuropäische Geschichtsstudien $l1
036F $x11 $8Nord- und osteuropäische Geschichtsstudien $9026932970 $l1
044K $RPublizistikwissenschaft $#Journalism $#Journalisme $#Publizistik $74047770-8 $8Publizistik [Ts1] $9085133213
044K $RPublizistik $RFachjournalismus $#Politik Publizistik $#Politische Presse $74226099-1 $8Politische Publizistik [Ts1] $9086176641
044K $RDeutsches Sprachgebiet $RDeutschland $RDeutschland $#Deutsche Länder $#Germany Deutschland $#Heiliges Römisches Reich $#Rheinbund $#Deutscher Bund $#Norddeutscher Bund $#Deutsches Reich $#Deutschland Gebiet unter Alliierter Besatzung $#Deutschland Bundesrepublik, 1990- $#BRD 1990- $#Federal Republic of Germany Deutschland $#Republic of Germany Deutschland $#Allemagne Deutschland $#Ǧumhūrīyat Almāniyā al-Ittiḥādīya $#Bundesrepublik Deutschland 1990- $#BRD $#Niemcy $#République Fédérale d'Allemagne Deutschland $#Repubblica Federale di Germania Deutschland $#Germanija $#Federativnaja Respublika Germanija $#FRG $#Deyizhi-Lianbang-Gongheguo $74011882-4 $8Deutschland [Tg1] $9085025550
044K $#Schiemann, Theodor Heinrich Christian Karl $#Schiemann, Th. $#Šiman, F. F. $#Šiman, Teodor $#Schiemann, Ch. $#Šiman, Theodor $7118794981 $8Schiemann, Theodor$Z1847-1921 [Tp1] $9087135582
045Z $8AP 23100 [Tkv] $9407311203
045Z $8NP 4282 [Tkv] $9410907839
046M $aBibliogr. Schiemann S. 275 - 299. - Literaturverz. S. 300 - 313
lok: 9379221 11
exp: 9379221 11 1 #EPN
201B/01 $029-06-21 $t07:38:18.000
201C/01 $029-06-21
201U/01 $0utf8
203@/01 $0115973559X
206V/01 $0w1091621
208@/01 $a29-06-21 $br
209A/01 $a60 Cs 1872 $du $f100 $x00
209B/01 $aretro $x05
247C/01 $8620100-3 <43>Wiesbaden, Hochschul- und Landesbibliothek RheinMain, Rheinstraße $9102599572
lok: 9379221 24
101B $020-08-04 $t09:25:28.000
101C $020-08-04
145Z/01 $a2 S 27
101U $0utf8
exp: 9379221 24 1 #EPN
201B/01 $020-08-04 $t09:25:28.000
201C/01 $020-08-04
203@/01 $0218432038
208@/01 $a20-08-04 $br
209A/01 $a2 S 27 $du $f050 $h2 S 27 $x00
209C/01 $a2385 K 56 $h56 2385 K
209G/01 $a70722798 $x00
220C/01 $aneu
247C/01 $8358050-7 Marburg, Bibliothek des Herder-Instituts Marburg $9102600961
201U/01 $0utf8
lok: 9379221 25
exp: 9379221 25 1 #EPN
201B/01 $020-12-02 $t00:37:56.515
201C/01 $028-09-00
203@/01 $0146606949
208@/01 $a28-09-00 $br
209A/01 $aZG 2080-1 $du $f000 $x00
209G/01 $a50413876 $x00
209G/01 $aMAG $x01
247C/01 $8651000-0 <77>Mainz, Universität Mainz, Zentralbibliothek $9102599602
201U/01 $0utf8
lok: 9379221 78
exp: 9379221 78 1 #EPN
201B/01 $019-04-17 $t18:46:32.000
201U/01 $0utf8
203@/01 $0793926491
208@/01 $a12-11-16 $be
209A/01 $a/ $f000 $x00
237A/01 $aweiterführende Signatur(en): Herder-Institut: 2 S 27
244Z/01 $2Trx $8--Trx--Monographie $x01 $9391384546
247C/01 $82080>Marburg/Lahn, Herder-Institut, Forschungsbibliothek, Bibliographieportal $9336309341
lok: 9379221 204
exp: 9379221 204 1 #EPN
201B/01 $013-08-25 $t10:53:47.000
201C/01 $004-01-22
201U/01 $0utf8
203@/01 $01175691992
208@/01 $a04-01-22 $bz084
209A/01 $aMm 94 $ds $f084 $h084 mm 94 $x00
209C/01 $a084 Az 70/215
209G/01 $a89391920 $x00
247C/01 $8631084-9 <26/084>Gießen, Universität Gießen, Fachbibliothek Geschichts- und Kulturwissenschaften / Bibliothek im Historischen Institut $9102596948
lok: 9379221 205
exp: 9379221 205 1 #EPN
201B/01 $022-07-14 $t23:24:23.000
201C/01 $022-07-14
201U/01 $0utf8
203@/01 $073496465X
208@/01 $a22-07-14 $br
209A/01 $aVIIla C 13, 1 $du $f000 $x00
209B/01 $a98 $x05
209C/01 $a1957/1442
209G/01 $a23463598 $x00
247C/01 $8351000-1 <4>Marburg, Universität Marburg, Universitätsbibliothek $9102594767
exp: 9379221 205 2 #EPN
201B/02 $016-09-16 $t08:29:38.000
201C/02 $009-12-03
201U/02 $0utf8
203@/02 $0205589065
208@/02 $a09-12-03 $br
209A/02 $a080 OEG Os 1378 $du $f000 $x00
209B/02 $a97 $x05
247C/02 $8351000-1 <4>Marburg, Universität Marburg, Universitätsbibliothek $9102594767
exp: 9379221 205 3 #EPN
201B/03 $020-08-19 $t11:52:43.000
201C/03 $014-11-01
201U/03 $0utf8
203@/03 $0165045604
208@/03 $a14-11-01 $br
209A/03 $a001 NZN E 61250 $db $f000 $x00
209B/03 $a97 $x05
209C/03 $a12479 $h12479
209G/03 $a56449540 $x00
209G/03 $aFreihandbereich $x01
220B/03 $aaltbik403
247C/03 $8351000-1 <4>Marburg, Universität Marburg, Universitätsbibliothek $9102594767
| LEADER | 00000cam a2200000 c 4500 | ||
|---|---|---|---|
| 001 | 093792212 | ||
| 003 | DE-603 | ||
| 005 | 20250813105347.0 | ||
| 007 | tu | ||
| 008 | 000928s1956 xx |||| | u00||u|ger c | ||
| 035 | |a (DE-599)HEB093792212 | ||
| 035 | |a (OCoLC)02849244 | ||
| 040 | |a DE-603 |b ger |c DE-603 |d DE-603 | ||
| 041 | |a ger | ||
| 084 | |a AP 23100 |0 (DE-625)7085: |0 (DE-603)407311203 |2 rvk | ||
| 084 | |a NP 4282 |0 (DE-625)127812: |0 (DE-603)410907839 |2 rvk | ||
| 100 | 1 | |a Meyer, Klaus |d 1928-2007 |0 (DE-603)087549506 |0 (DE-588)119209527 |2 gnd | |
| 245 | 0 | 0 | |a Theodor Schiemann als politischer Publizist |c von Klaus Meyer |
| 264 | 1 | |a Frankfurt am Main [u.a.] |b Rütten & Loening |c 1956 | |
| 300 | |a 320 S. | ||
| 490 | 1 | |a Nord- und osteuropäische Geschichtsstudien |v 1 | |
| 500 | |a Bibliogr. Schiemann S. 275 - 299. - Literaturverz. S. 300 - 313 | ||
| 600 | 1 | 7 | |a Schiemann, Theodor |d 1847-1921 |0 (DE-588)118794981 |0 (DE-603)087135582 |2 gnd |
| 650 | 7 | |a Publizistik |0 (DE-588)4047770-8 |0 (DE-603)085133213 |2 gnd | |
| 650 | 7 | |a Politische Publizistik |0 (DE-588)4226099-1 |0 (DE-603)086176641 |2 gnd | |
| 651 | 7 | |a Deutschland |0 (DE-588)4011882-4 |0 (DE-603)085025550 |2 gnd | |
| 830 | 0 | |t Nord- und osteuropäische Geschichtsstudien |v 1 |w (DE-603)026932970 |w (DE-600)1013625-3 |9 11 |7 as | |
| 856 | 4 | 2 | |m V:DE-576;B:DE-352 |q application/pdf |u http://scans.hebis.de/HEBCGI/show.pl?09379221_toc.pdf |3 Inhaltsverzeichnis |
| 924 | 0 | |9 43 |a (DE-603)115973559X |b DE-43 |c HES |d c |g 60 Cs 1872 | |
| 924 | 0 | |9 Mb 50 |a (DE-603)218432038 |b DE-Mb50 |c HES |d c |g 2 S 27 | |
| 924 | 0 | |9 77 |a (DE-603)146606949 |b DE-77 |c HES |d c |g ZG 2080-1 |h MAG | |
| 924 | 0 | |9 2080 |a (DE-603)793926491 |b DE-2080 |c HES |d d |g / | |
| 924 | 0 | |9 26/084 |a (DE-603)1175691992 |b DE-26-084 |c HES |d d |g Mm 94 | |
| 924 | 0 | |9 4 |a (DE-603)73496465X |b DE-4 |c HES |d c |g VIIla C 13, 1 | |
| 924 | 0 | |9 4 |a (DE-603)205589065 |b DE-4 |c HES |d c |g 080 OEG Os 1378 | |
| 924 | 0 | |9 4 |a (DE-603)165045604 |b DE-4 |c HES |d c |g 001 NZN E 61250 |h Freihandbereich | |


